| 000 | 00426nam a2200169Ia 4500 | ||
|---|---|---|---|
| 008 | 230524s9999 xx 000 0 und d | ||
| 020 | _a8185336679 | ||
| 082 |
_a621.137 _bRAM |
||
| 100 | _aM.Ramamoorty | ||
| 245 | 3 | _aAn Introduction to Thyistors and their Application | |
| 250 | _a2ND | ||
| 260 |
_aNEW DELHI _bAffliated _c2004 |
||
| 300 | _aX;328 | ||
| 500 | _aQuantity Number: 2 | ||
| 650 | _aElectronics | ||
| 942 | _cBK | ||
| 999 |
_c4103 _d4103 |
||